000 00802nab a2200241u 4500
001 21888
003 HDC
007 c| |||a|c|aaaa
008 210308b20120210my ||||o |||| 00| 0 eng d
040 _aHDC
100 _aNawaf Afat /
_eauthor
_919208
245 0 _aSaudi Arabia: Experts to discuss Halal food at conference in Riyadh Sunday /
_cNawaf Afat
336 _atext
_2rdacontent
337 _acomputer
_2rdamedia
338 _aonline resource
_2rdacarrier
650 _aglobal conference
_919209
650 _aHalal food
_950
710 _aSaudi Gazette
856 _zRequest full-text at [email protected]
942 _2lcc
942 _cNEWS
942 _kNWS0 005010
999 _c19204
_d19204